| 000 | 00803nam a2200277Ia 4500 | ||
|---|---|---|---|
| 003 | OSt | ||
| 005 | 20221007110432.0 | ||
| 006 | a|||||r|||| 00| 0 | ||
| 007 | ta | ||
| 008 | 221006b |||||||| |||| 00| 0 eng d | ||
| 020 | _a0916354679 | ||
| 024 | _a21,127 | ||
| 037 | _cTextual | ||
| 040 |
_aLCO _cLCO _beng |
||
| 041 |
_2eng _aeng |
||
| 082 | _aY720aW, L4 | ||
| 100 |
_aClastres Pierre _9328921 |
||
| 245 | 0 | _aSociety Against the State | |
| 260 |
_aNew _bYork Urizen Books U.S.A. _c1974 |
||
| 300 | _a186 | ||
| 500 | _aThe Leader as Servant and the Humane Uses of Power among the Indians of the Americas | ||
| 650 |
_aSOCIETY _9410261 |
||
| 700 | _a Hurley Robert Tr. | ||
| 942 |
_hY720aW, L4 _cTEXL |
||
| 999 |
_c1190690 _d1190690 |
||